00487nam a2200193Ia 4500008004100000020001800041050001400059100002100073245002400094245005900118260001500177260001700192260000900209300001400218300002500232300001000257440002000267440000600287180207s9999 xx 000 0 und d a9780439870498 bN713 2006 aNimm, Suzanne D. aAround the world! / cadapted by Suzanne D. Nimm ; illustrated by Ron Zalme. aNew York : bScholastic,  c2006 aunpaged : bcolor illustration ; c23cm. aReady-to-read ; v1